Analýza stratégii obrany v basketbale a jej implementácia vo vysokoškolskej lige bratislavských univerzít a medzinárodných turnajov
Salvato in:
| Autore principale: | |
|---|---|
| Natura: | Capitolo di libro |
| Lingua: | slovacco |
| Soggetti: | |
| Tags: |
Nessun Tag, puoi essere il primo ad aggiungerne!!
|
MARC
| LEADER | 00000naa a2200000 4500 | ||
|---|---|---|---|
| 001 | 0306568 | ||
| 005 | 20250127131812.8 | ||
| 041 | 0 | |a slo | |
| 044 | |a SK | ||
| 245 | 1 | 0 | |a Analýza stratégii obrany v basketbale a jej implementácia vo vysokoškolskej lige bratislavských univerzít a medzinárodných turnajov |c Lenka Podgórska |
| 500 | |a Abstrakt | ||
| 610 | 2 | 0 | |a hry |
| 610 | 2 | 0 | |a školy vysoké |
| 610 | 2 | 0 | |a šport |
| 610 | 2 | 0 | |a Slovensko |
| 610 | 2 | 0 | |a univerzity |
| 100 | 1 | |a Podgórska, Lenka, 1958- | |